书目信息 |
| 题名: |
中國華北文獻叢書
|
|
| 作者: | 傅璇琮 总主编 ;高国祥, 卷主编 ;甘肃省古籍文献整理编译中心 编 | |
| 分册: | 目錄索引卷 | |
| 出版信息: | 北京 学苑出版社 2012 |
|
| 页数: | 533页 | |
| 开本: | 27cm | |
| 丛书名: | ||
| 单 册: | ||
| 中图分类: | Z122.2 , Z812.25 | |
| 科图分类: | ||
| 主题词: | 丛书--华北地区--现代 , 地方文献--图书目录--华北地区 | |
| 电子资源: | ||
| ISBN: | 978-7-5077-3935-0 | |
| 000 | 01165nam0 2200349 450 | |
| 000 | 01128nam0 2200337 450 | |
| 000 | 01184nam0 2200337 450 | |
| 001 | 012012273960 | |
| 005 | 20150323094159.87 | |
| 010 | @a978-7-5077-3935-0@b精装@dCNY422.88 | |
| 100 | @a20130219e2012 ekmy0chiy50 ea | |
| 101 | 0 | @achi |
| 102 | @aCN@b110000 | |
| 105 | @ay b 000yy | |
| 106 | @ar | |
| 200 | 1 | @a中國華北文獻叢書@9Zhong Guo Hua Bei Wen Xian Cong Shu@i目錄索引卷@f甘肅省古籍文獻整理編譯中心編 |
| 205 | @a影印本 | |
| 210 | @a北京@c学苑出版社@d2012 | |
| 215 | @a533页@d27cm | |
| 300 | @a甘肃省古籍文献整理编译中心重大整理项目 | |
| 314 | @a傅璇琮總主編 ; 高國祥卷主編 | |
| 518 | 1 | @a中国华北文献丛书 |
| 606 | 0 | @a丛书@y华北地区@z现代 |
| 606 | 0 | @a地方文献@x图书目录@y华北地区 |
| 690 | @aZ122.2@v4 | |
| 690 | @aZ812.25@v4 | |
| 701 | 0 | @a傅璇琮@9Fu Xuan Cong@4总主编 |
| 702 | 0 | @a高国祥,@9gao guo xiang@f1960-@4卷主编 |
| 712 | 02 | @a甘肃省古籍文献整理编译中心@9gan su sheng gu ji wen xian zheng li bian yi zhong xin@4编 |
| 801 | 0 | @aCN@b91MARC@c20130904 |
| 905 | @b0847504@dZ122.2@e98@f1 | |
| 中國華北文獻叢書.目錄索引卷/甘肅省古籍文獻整理編譯中心編.-影印本.-北京:学苑出版社,2012 |
| 533页;27cm |
| 甘肃省古籍文献整理编译中心重大整理项目 |
| ISBN 978-7-5077-3935-0(精装):CNY422.88 |
| ● |
| 相关链接 |
|
|
|
|
正题名:中國華北文獻叢書
索取号:Z122.2/98
 
预约/预借
| 序号 | 登录号 | 条形码 | 馆藏地/架位号 | 状态 | 备注 |
| 1 | 0847504 | 208475041 | 地方文献典藏中心/ [索取号:Z122.2/98] | 在馆 |